Medzinárodné zmluvy v dejinách

Pojem medzinárodné zmluvy. História medzinárodných zmlúv. Medzinárodné zmluvy a suverenita štátov. Fázy vývoja modernej diplomacie.

Gespeichert in:
Bibliographische Detailangaben
1. Verfasser: Šmihula, Daniel
Format: Buchkapitel
Sprache:Slowakisch
Schlagworte:
Tags: Tag hinzufügen
Keine Tags, Fügen Sie das erste Tag hinzu!

MARC

LEADER 00000naa a2200000 4500
001 r046432
005 20231004105134.4
041 0 |a slo 
044 |a CZ 
245 1 0 |a Medzinárodné zmluvy v dejinách  |c Daniel Šmihula 
520 |a Pojem medzinárodné zmluvy. História medzinárodných zmlúv. Medzinárodné zmluvy a suverenita štátov. Fázy vývoja modernej diplomacie. 
610 2 0 |a zmluvy medzinárodné 
610 2 0 |a história 
610 2 0 |a pojmy 
610 2 0 |a právo medzinárodné 
610 2 0 |a diplomacia 
610 2 0 |a vzťahy formálne 
610 2 0 |a vzťahy funkčné 
100 1 |a Šmihula, Daniel